Education for librarianship /

Saved in:
Bibliographic Details
Corporate Author: University of Chicago. Graduate Library School
Other Authors: Berelson, Bernard, 1912-
Format: Book
Language:English
Published: Chicago : Ann Arbor, Mich. : American Library Association, University Microfilms, 1949 ; 1968.
Series:University of Chicago studies in library science
Subjects:
LEADER 01122nam a2200253 i 4500
001 c000257712
003 CARM
005 00000000000000.0
008 850710n vp 0 eng d
019 1 |a 9939516  |z 633647  |5 LACONCORD2021 
035 |a (OCoLC)219796176  |5 LACONCORD2021 
082 0 4 |a 020.7 
110 2 |a University of Chicago.  |b Graduate Library School. 
245 1 0 |a Education for librarianship /  |c Edited by Bernard Berelson. 
260 |a Chicago :  |b American Library Association,  |c 1949 ;  |a Ann Arbor, Mich. :  |b University Microfilms,  |c 1968. 
300 |a 307 p. 
440 0 |a University of Chicago studies in library science 
500 |a "Papers presented at the library conference, University of Chicago, August 16-21, 1948", orgnized by the Graduate Library School. 
650 0 |a Library schools. 
650 0 |a Library education. 
700 1 |a Berelson, Bernard,  |d 1912- 
852 8 |b CARM  |h A2:AQ13A0  |i B06770  |p 0323743  |f BK 
999 f f |i 39d42c69-f98d-5e42-ba08-bd8e77d16ba7  |s 1fc7a92c-3c45-5106-8a14-1fe94ecd1385 
952 f f |p Can circulate  |a CAVAL  |b CAVAL  |c CAVAL  |d CARM 1 Store  |e B06770  |f A2:AQ13A0  |h Other scheme  |i book  |m 0323743